Loading...
Mythology | 0 | 4 | 0 | 1 | 40 | 83 | 112.75 | 1 | 2 |
Fine Arts - Painting and Sculpture | 0 | 4 | 0 | 0 | 40 | 113 | 129.00 | 0 | 0 |
Social Science | 0 | 2 | 0 | 0 | 20 | 97 | 102.00 | 0 | 0 |
History - World History | 0 | 2 | 0 | 0 | 20 | 93 | 96.50 | 0 | 2 |
Religion | 0 | 2 | 1 | 1 | 15 | 80 | 106.50 | 0 | 0 |
Literature - American Literature | 0 | 1 | 0 | 0 | 10 | 128 | 128.00 | 0 | 1 |
Pop Culture | 0 | 1 | 0 | 0 | 10 | 138 | 138.00 | 0 | 0 |
Science - Chemistry | 0 | 1 | 0 | 0 | 10 | 104 | 104.00 | 0 | 1 |
Science - Biology | 0 | 1 | 1 | 0 | 5 | 78 | 78.00 | 0 | 1 |
History - Other History | 0 | 1 | 1 | 0 | 5 | 131 | 131.00 | 0 | 1 |
Literature - European Literature | 0 | 0 | 0 | 0 | 0 | 0.00 | 0 | 0 | |
Fine Arts - Other Fine Arts | 0 | 0 | 2 | 0 | -10 | 0.00 | 0 | 0 |